DESIGN OF CONCRETE BUILDINGS FOR EARTHQUAKE AND WIND FORCES (Record no. 546912)

000 -LEADER
fixed length control field 00530 a2200157 4500
020 ## - INTERNATIONAL STANDARD BOOK NUMBER
International Standard Book Number 0-89312-195-9
082 ## - DEWEY DECIMAL CLASSIFICATION NUMBER
Classification number 624.1831 FAN
Author Mark NUST-01-P-89
090 ## - LOCALLY ASSIGNED LC-TYPE CALL NUMBER (OCLC); LOCAL CALL NUMBER (RLIN)
-- 2924
-- 2924
100 ## - MAIN ENTRY--PERSONAL NAME
Personal name FANELLS, DAVID A
9 (RLIN) 43115
245 ## - TITLE STATEMENT
Title DESIGN OF CONCRETE BUILDINGS FOR EARTHQUAKE AND WIND FORCES
Remainder of title ACCOORDING TO THE 1997 UNIFORM BUILDING CODE
260 ## - PUBLICATION, DISTRIBUTION, ETC.
Place of publication, distribution, etc. USA
Name of publisher, distributor, etc. PORTLAND CEMENT ASSOCIATION
Date of publication, distribution, etc. 1998
300 ## - PHYSICAL DESCRIPTION
Extent IV, 6-50P.
Dimensions 26CM
500 ## - GENERAL NOTE
General note CONCRETE
526 ## - STUDY PROGRAM INFORMATION NOTE
Program name 0
Interest level 0
Reading level 0
Title point value 624_183100000000000_FAN_NUST01
942 ## - ADDED ENTRY ELEMENTS (KOHA)
Source of classification or shelving scheme
Institution code [OBSOLETE] MCE
Koha item type
Call number prefix 624.1834 FAN
Holdings
Withdrawn status Lost status Source of classification or shelving scheme Damaged status Not for loan Permanent Location Current Location Date acquired Total Checkouts Full call number Barcode Date last seen Price effective from Koha item type
          Military College of Engineering (MCE) Military College of Engineering (MCE) 06/20/2014   624.1831 FAN NUST-01-P-89 MCE-36447 06/20/2014 06/20/2014  
© 2023 Central Library, National University of Sciences and Technology. All Rights Reserved.